<?xml version="1.0" encoding="UTF-8"?>
<record
    xmlns:xsi="http://www.w3.org/2001/XMLSchema-instance"
    xsi:schemaLocation="http://www.loc.gov/MARC21/slim http://www.loc.gov/standards/marcxml/schema/MARC21slim.xsd"
    xmlns="http://www.loc.gov/MARC21/slim">

  <leader>01973nam a2200289Ia 4500</leader>
  <controlfield tag="001">K0535</controlfield>
  <controlfield tag="003">IT-RoPAU</controlfield>
  <controlfield tag="008">130308s9999    xx            000 0 und d</controlfield>
  <datafield tag="040" ind1=" " ind2=" ">
    <subfield code="a">IT-RoPAU</subfield>
  </datafield>
  <datafield tag="040" ind1=" " ind2=" ">
    <subfield code="c">IT-RoPAU</subfield>
  </datafield>
  <datafield tag="041" ind1=" " ind2=" ">
    <subfield code="a">ITALIANO  </subfield>
  </datafield>
  <datafield tag="100" ind1=" " ind2=" ">
    <subfield code="a">Tuniz Dorino</subfield>
  </datafield>
  <datafield tag="100" ind1=" " ind2=" ">
    <subfield code="g">Codice Aut. SPICS: 60209</subfield>
  </datafield>
  <datafield tag="245" ind1=" " ind2=" ">
    <subfield code="a">Sacri Monti (I). nella cultura religiosa e artistica del nord Italia</subfield>
  </datafield>
  <datafield tag="245" ind1=" " ind2=" ">
    <subfield code="b">Sacri Monti (I). nella Cultura Religiosa e Artistica del nord Italia                                                                                      </subfield>
  </datafield>
  <datafield tag="250" ind1=" " ind2=" ">
    <subfield code="a">1a ed.</subfield>
  </datafield>
  <datafield tag="260" ind1=" " ind2=" ">
    <subfield code="a">CINISELLO BALSAMO</subfield>
  </datafield>
  <datafield tag="260" ind1=" " ind2=" ">
    <subfield code="b">San Paolo</subfield>
  </datafield>
  <datafield tag="260" ind1=" " ind2=" ">
    <subfield code="c">2005 [1&#xB0; Ed.:2005 - Ed.Ling.Originale:2005]</subfield>
  </datafield>
  <datafield tag="300" ind1=" " ind2=" ">
    <subfield code="a">"298 p. (prefazione: no ; testo: 298 [pagine: 0-0])"</subfield>
  </datafield>
  <datafield tag="500" ind1=" " ind2=" ">
    <subfield code="a">"Montagna Luogo di Manifestazione e di presenza di Dio: Santa montagna del signore di G.F. Ravasi; Sacri Monti e Cultura Religiosa e Artistica dell'Italia moderna di D. Zardin; Sacri Monti e Devozione di P.G. Longo; fortuna del Sacro Monte di Varallo nel Sistema dei Santuari Prealpini di D. Tuniz; Sacri Monti e Calvari una Realt&#xE0; Europea di A. Barbero. Sacri Monti del Piemonte e Lombardia: Sacro Monte di Varallo Sesia Nuova Gerusalemme di E. De Filippis; Sacro Monte di S. Francesco a Orta di F. Mattioli Carcano; misteri Mariani del Sacro Monte di Crea di G. Gentile; Quel miracolo chiamato Oropa di P. Sorrenti; Sacro Monte Calvario di Domodossola di R. Fattalini; Sacro Monte di nostra signora di Belmonte, Itinerarium Crucis del Canavese di F. Mattioli Carcano e G. Trivellin; Sacro Monte di Ghiffa di G. Agosti Bersi; Sant'Anna a Montrigone di Borgosesia di F. tonella Regis; Sacro Monte sopra Varese di M.A. Crippa; Sacro Monte di Ossuccio e Santuario della Beata Vergine del Soccorso di F. Zanzottera. Bibliografia. Illustrazioni a Colori.  D"</subfield>
  </datafield>
  <datafield tag="650" ind1=" " ind2=" ">
    <subfield code="a">SAGGI SULLE ARTI VISIVE</subfield>
  </datafield>
  <datafield tag="650" ind1=" " ind2=" ">
    <subfield code="e">Codice materia Spics: 5011</subfield>
  </datafield>
  <datafield tag="942" ind1=" " ind2=" ">
    <subfield code="c">BK</subfield>
  </datafield>
  <datafield tag="957" ind1=" " ind2=" ">
    <subfield code="7">1</subfield>
  </datafield>
  <datafield tag="999" ind1=" " ind2=" ">
    <subfield code="c">77140</subfield>
    <subfield code="d">77140</subfield>
  </datafield>
  <datafield tag="999" ind1=" " ind2=" ">
    <subfield code="g">1</subfield>
  </datafield>
  <datafield tag="952" ind1=" " ind2=" ">
    <subfield code="0">0</subfield>
    <subfield code="1">0</subfield>
    <subfield code="4">0</subfield>
    <subfield code="6">K_000000000000000_0535</subfield>
    <subfield code="7">1</subfield>
    <subfield code="a">SPICS</subfield>
    <subfield code="b">SPICS</subfield>
    <subfield code="d">2013-03-08</subfield>
    <subfield code="l">0</subfield>
    <subfield code="o">K0535</subfield>
    <subfield code="r">2013-03-08 00:00:00</subfield>
    <subfield code="w">2013-03-08</subfield>
    <subfield code="y">BK</subfield>
    <subfield code="z">Progressivo inserimento:  22708 /  N. Volumi: 1 Copie: 1  / data import: 1 marzo 2013 - By Epidotti, Trombetti, Vaglietti. </subfield>
  </datafield>
</record>
